000 00264nam a2200121 i 4500
001 bg
245 0 _aLitovskij fizičeskij sbornik.Nr 1.
260 _aWilno,
_c1967.
040 _cBPK
041 _apol
942 _cKS
008 s pl f |000 0 pol
999 _c12751
_d12751
856 _uhttp://koha.tu.koszalin.pl/cgi-bin/koha/opac-detail.pl?biblionumber=12751
_yKatalog online BPK